Normal view
MARC view
- Labajo, Xenia Claire M.
Entry Personal Name
001 - CONTROL NUMBER
- control field: 19110
003 - CONTROL NUMBER IDENTIFIER
- control field: OSt
005 - DATE AND TIME OF LATEST TRANSACTION
- control field: 20170308134057.0
008 - FIXED-LENGTH DATA ELEMENTS
- fixed length control field: 170308|| aca||aabn | a|a d
040 ## - CATALOGING SOURCE
- Original cataloging agency: OSt
100 ## - HEADING--PERSONAL NAME
- Personal name: Labajo, Xenia Claire M.
